Statistics for Countries by Smallest % (Percentage) of Population in their Capital City

Click here to take the quiz!

General Stats

  • This quiz has been taken 283 times
    (135 since last reset)
  • The average score is 10 of 20

Answer Stats

Percentage Rank Country Capital City % Correct
0.20%1United StatesDistrict of Columbia
92%
1.29%7BrazilBrasilia
90%
1.48%9AustraliaCanberra
87%
0.86%6IndiaNew Delhi
85%
2.50%18CanadaOttawa
82%
1.51%11ChinaBeijing
82%
0.42%2NigeriaAbuja
74%
0.50%3PakistanIslamabad
71%
1.70%13MyanmarNaypyidaw
50%
0.52%4TanzaniaDodoma
39%
1.46%8SwitzerlandBerneĀ (de facto)
38%
0.57%5Sri LankaSri Jayawardenapura Kotte
33%
1.61%12PhilippinesManila
30%
2.01%15Ivory CoastYamoussoukro
28%
2.18%17PalauNgerulmud
22%
2.86%19NepalKathmandu
21%
1.50%10MaltaValletta
17%
2.10%16BeninPorto-Novo
17%
3.07%20South SudanJuba
17%
1.85%14GambiaBanjul
10%

Score Distribution

Percentile by Number Answered

Percent of People with Each Score

Your Score History

You have not taken this quiz since the last reset